[Event "South Moravia Region-chT 2223"]
[Site "Czech Republic"]
[Date "2023.04.02"]
[Round "11.1"]
[White "Pesak, Roman"]
[Black "Sekanina, Jiri"]
[Result "1/2-1/2"]
[WhiteElo "1908"]
[BlackElo "1977"]
[PlyCount "83"]
[EventDate "2022.10.09"]
[EventType "team-tourn"]
[EventRounds "11"]
[EventCountry "CZE"]
[SourceTitle "EXT 2024"]
[Source "ChessBase"]
[SourceDate "2023.10.10"]
[SourceVersion "1"]
[SourceVersionDate "2023.10.10"]
[SourceQuality "1"]

1. e4 c5 2. Nf3 d6 3. d4 cxd4 4. Nxd4 Nf6 5. Nc3 Nc6 6. Bb5 Bd7 7. 0-0 g6 8. Re1 Bg7 9. Nxc6 bxc6 10. Bd3 0-0 11. h3 Rb8 12. Ne2 e5 13. c4 Be6 14. b3 d5 15. Qc2 dxe4 16. Bxe4 Nxe4 17. Qxe4 Qc7 18. Bb2 f5 19. Qc2 Rbd8 20. Rad1 Rxd1 21. Rxd1 Rd8 22. Rxd8+ Qxd8 23. Nc1 Qd6 24. Qc3 Qd1+ 25. Kh2 Qd4 26. Qc2 Qf4+ 27. Kg1 e4 28. Ne2 Qd6 29. Bxg7 Kxg7 30. Qc3+ Kf7 31. Qe3 c5 32. g3 Bd7 33. Kh2 Qd3 34. Nc3 Qxe3 35. fxe3 Bc6 36. a3 a5 37. Kg2 Kf6 38. Kf2 g5 39. h4 h6 40. Na2 Ke5 41. hxg5 hxg5 42. Nc3 1/2-1/2

[Event "CZE-chT2E 1718"]
[Site "Czech Republic"]
[Date "2018.01.14"]
[Round "6.7"]
[White "Kasik, Miroslav1111"]
[Black "Sekanina, Jiri"]
[Result "1/2-1/2"]
[WhiteElo "1958"]
[BlackElo "2052"]
[PlyCount "87"]
[EventDate "2017.10.15"]
[EventType "team-tourn"]
[EventRounds "11"]
[EventCountry "CZE"]
[SourceTitle "EXT 2022"]
[Source "ChessBase"]
[SourceDate "2021.10.06"]
[SourceVersion "1"]
[SourceVersionDate "2021.10.06"]
[SourceQuality "1"]
[WhiteTeam "Kromeriz Slavia II"]
[BlackTeam "Lipovec Garde"]
[WhiteTeamCountry "CZE"]
[BlackTeamCountry "CZE"]

1. e4 c5 2. Nf3 d6 3. Bb5+ Nc6 4. e5 d5 5. c4 e6 6. d4 cxd4 7. 0-0 Nge7 8. Nxd4 Bd7 9. cxd5 Nxd4 10. Bxd7+ Qxd7 11. Qxd4 Qxd5 12. Be3 Qxd4 13. Bxd4 Nc6 14. Bc3 0-0-0 15. Nd2 Rd5 16. Nf3 Be7 17. Rfd1 Rhd8 18. Rxd5 Rxd5 19. Rc1 Kd7 20. Kf1 h6 21. Ke2 Bc5 22. a3 b5 23. Rc2 a6 24. Rd2 Bb6 25. Rxd5+ exd5 26. e6+ fxe6 27. Bxg7 h5 28. Ne5+ Nxe5 29. Bxe5 Ke7 30. h3 Kf7 31. g4 Kg6 32. f4 hxg4 33. hxg4 Bc5 34. Kd3 Bb6 35. b3 Bc5 36. a4 bxa4 37. bxa4 Bb6 38. Bc3 Bc5 39. Be5 Bb6 40. Bd6 Kf6 41. Be5+ Kg6 42. Bd6 Kf6 43. Be5+ Kg6 44. Bd6 1/2-1/2

[Event "CZE-chT2E 1516"]
[Site "Czech Republic"]
[Date "2015.12.06"]
[Round "4.5"]
[White "Svancara, Petr"]
[Black "Sekanina, Jiri"]
[Result "1/2-1/2"]
[WhiteElo "2040"]
[BlackElo "2100"]
[PlyCount "85"]
[EventDate "2015.10.18"]
[EventType "team-tourn"]
[EventRounds "11"]
[EventCountry "CZE"]
[SourceTitle "EXT 2022"]
[Source "ChessBase"]
[SourceDate "2021.10.06"]
[SourceVersion "1"]
[SourceVersionDate "2021.10.06"]
[SourceQuality "1"]
[WhiteTeam "Grygov II"]
[BlackTeam "Lipovec Garde"]
[WhiteTeamCountry "CZE"]
[BlackTeamCountry "CZE"]

1. e4 c5 2. Nc3 Nc6 3. Bb5 Nd4 4. a4 g6 5. Nf3 Bg7 6. 0-0 Nh6 7. d3 0-0 8. Nxd4 cxd4 9. Ne2 a6 10. Bc4 Ng4 11. h3 Ne5 12. Bb3 Nc6 13. f4 d6 14. Qe1 Be6 15. Bxe6 fxe6 16. Bd2 b5 17. axb5 axb5 18. Qh4 Qd7 19. Qg4 Rfc8 20. Kh1 Rxa1 21. Rxa1 Nd8 22. c3 dxc3 23. Bxc3 b4 24. Bxg7 Kxg7 25. Nd4 Rc7 26. Ra8 Rc8 27. Rxc8 Qxc8 28. Qd1 Qc5 29. Nf3 Nc6 30. d4 Qc4 31. d5 exd5 32. exd5 Na5 33. Ng5 h6 34. Ne6+ Kf6 35. Kh2 b3 36. Qf3 Nc6 37. dxc6 Kxe6 38. Qg4+ Kf6 39. Qf3 e6 40. c7 Qxc7 41. Qxb3 d5 42. g3 d4 43. Kg2 1/2-1/2

[Event "CZE-chT2E 1213"]
[Site "Czech Republic"]
[Date "2013.01.06"]
[Round "6.1"]
[White "Bazant, Petr Jr"]
[Black "Sekanina, Jiri"]
[Result "1-0"]
[WhiteElo "2376"]
[BlackElo "2125"]
[PlyCount "71"]
[EventDate "2012.10.14"]
[EventType "team-tourn"]
[EventRounds "11"]
[EventCountry "CZE"]
[SourceTitle "EXT 2016"]
[Source "ChessBase"]
[SourceDate "2015.10.08"]
[SourceVersion "1"]
[SourceVersionDate "2015.10.08"]
[SourceQuality "1"]
[WhiteTeam "Stare Mesto II"]
[BlackTeam "Adamov"]
[WhiteTeamCountry "CZE"]
[BlackTeamCountry "CZE"]

1. e4 c5 2. Nf3 d6 3. h3 Nf6 4. c3 Nbd7 5. d3 g6 6. g4 h6 7. Be3 Bg7 8. Qc1 b6 9. Na3 Bb7 10. Bg2 Ne5 11. Nxe5 dxe5 12. 0-0 g5 13. Rd1 0-0 14. b4 cxb4 15. cxb4 Rc8 16. Qb2 Qc7 17. Nb5 Qb8 18. a4 Rfd8 19. Nc3 Rd7 20. a5 Rdc7 21. Ra3 Nd7 22. axb6 axb6 23. Na4 Rc2 24. Qb1 Qc7 25. Nc5 Rxc5 26. bxc5 Nxc5 27. Ra7 Nd7 28. Rc1 Qb8 29. Rxc8+ Bxc8 30. Ra3 Qd6 31. Rb3 Ba6 32. Bf1 b5 33. Qc1 b4 34. Qb1 Nc5 35. Rxb4 Bxd3 36. Bxc5 1-0

[Event "CZE-chT2E 1213"]
[Site "Czech Republic"]
[Date "2012.12.02"]
[Round "4.1"]
[White "Uricar, Jakub"]
[Black "Sekanina, Jiri"]
[Result "1/2-1/2"]
[WhiteElo "2163"]
[BlackElo "2125"]
[PlyCount "55"]
[EventDate "2012.10.14"]
[EventType "team-tourn"]
[EventRounds "11"]
[EventCountry "CZE"]
[SourceTitle "EXT 2016"]
[Source "ChessBase"]
[SourceDate "2015.10.08"]
[SourceVersion "1"]
[SourceVersionDate "2015.10.08"]
[SourceQuality "1"]
[WhiteTeam "Veseli nad Moravou"]
[BlackTeam "Adamov"]
[WhiteTeamCountry "CZE"]
[BlackTeamCountry "CZE"]

1. e4 c5 2. Nc3 e6 3. g3 d5 4. exd5 exd5 5. d3 Nf6 6. Bg2 d4 7. Ne4 Nxe4 8. Bxe4 Nd7 9. Ne2 Nf6 10. Bg2 Bd6 11. 0-0 0-0 12. Bf4 Bg4 13. Bxd6 Qxd6 14. Re1 Rae8 15. Qd2 Re7 16. h3 Bc8 17. Nf4 Rfe8 18. h4 Bg4 19. Rxe7 Qxe7 20. Kf1 b6 21. Bc6 Bd7 22. Bxd7 Qxd7 23. Re1 Kf8 24. Rxe8+ Qxe8 25. Qe2 Qxe2+ 26. Kxe2 Ke7 27. Kf3 Kd6 28. g4 1/2-1/2

[Event "CZE-chT2E 1112"]
[Site "Czech Republic"]
[Date "2012.03.04"]
[Round "9.1"]
[White "Senkyr, Martin"]
[Black "Sekanina, Jiri"]
[Result "1/2-1/2"]
[WhiteElo "2202"]
[BlackElo "2146"]
[PlyCount "63"]
[EventDate "2011.10.09"]
[EventType "team-tourn"]
[EventRounds "11"]
[EventCountry "CZE"]
[SourceTitle "EXT 2013"]
[Source "ChessBase"]
[SourceDate "2012.11.22"]
[SourceVersion "1"]
[SourceVersionDate "2012.11.22"]
[SourceQuality "1"]
[WhiteTeam "Zlin III"]
[BlackTeam "Adamov"]
[WhiteTeamCountry "CZE"]
[BlackTeamCountry "CZE"]

1. e4 c5 2. Nf3 d6 3. c3 Nf6 4. Bd3 Bg4 5. h3 Bxf3 6. Qxf3 Nc6 7. Qe2 g6 8. Bc2 Bg7 9. 0-0 0-0 10. d3 b5 11. a3 a5 12. d4 cxd4 13. Qxb5 Qc7 14. Ba4 Rfc8 15. Qd3 dxc3 16. Nxc3 Ne5 17. Qe2 Rab8 18. Bb5 e6 19. Rd1 Nc4 20. Ba6 Nxb2 21. Bxb2 Rxb2 22. Qxb2 Qxc3 23. Qe2 Rb8 24. Qd3 Qe5 25. f3 d5 26. exd5 Nxd5 27. Rab1 Rf8 28. Rd2 Bh6 29. Rdd1 Be3+ 30. Kh1 Qg3 31. Qf1 Nc3 32. Qe1 1/2-1/2

[Event "CZE-chT2E 1112"]
[Site "Czech Republic"]
[Date "2012.01.22"]
[Round "6.1"]
[White "Sekanina, Jiri"]
[Black "Vrana, Frantisek"]
[Result "0-1"]
[WhiteElo "2146"]
[BlackElo "2245"]
[PlyCount "80"]
[EventDate "2011.10.09"]
[EventType "team-tourn"]
[EventRounds "11"]
[EventCountry "CZE"]
[SourceTitle "EXT 2013"]
[Source "ChessBase"]
[SourceDate "2012.11.22"]
[SourceVersion "1"]
[SourceVersionDate "2012.11.22"]
[SourceQuality "1"]
[WhiteTeam "Adamov"]
[BlackTeam "Stare Mesto III"]
[WhiteTeamCountry "CZE"]
[BlackTeamCountry "CZE"]

1. c4 f5 2. Nf3 Nf6 3. g3 g6 4. Bg2 Bg7 5. 0-0 0-0 6. d4 d6 7. Nc3 Qe8 8. d5 c6 9. Rb1 a5 10. b3 Na6 11. Bb2 h6 12. Nd4 Bd7 13. e4 f4 14. gxf4 Nh5 15. Nce2 c5 16. Nc2 Bxb2 17. Rxb2 Nxf4 18. Nxf4 Rxf4 19. Ne1 Qf7 20. Nd3 Rh4 21. f4 Nb4 22. Rbf2 Nxd3 23. Qxd3 Rf8 24. e5 Bf5 25. Qe3 Qg7 26. Kh1 Kh8 27. Rf3 Bg4 28. Rg3 Bh5 29. Kg1 Bg4 30. Kh1 Qf7 31. Kg1 b6 32. a3 Qg7 33. Kh1 Kh7 34. Kg1 Qf7 35. Kh1 Bh5 36. f5 gxf5 37. Rf4 Rxf4 38. Qxf4 Bg6 39. e6 Qg7 40. Bf3 Qe5 0-1

[Event "CZE-chT2E 1112"]
[Site "Czech Republic"]
[Date "2012.01.08"]
[Round "5.1"]
[White "Sekanina, Jiri"]
[Black "Plachetka, Jan"]
[Result "1-0"]
[WhiteElo "2146"]
[BlackElo "2388"]
[PlyCount "113"]
[EventDate "2011.10.09"]
[EventType "team-tourn"]
[EventRounds "11"]
[EventCountry "CZE"]
[SourceTitle "EXT 2013"]
[Source "ChessBase"]
[SourceDate "2012.11.22"]
[SourceVersion "1"]
[SourceVersionDate "2012.11.22"]
[SourceQuality "1"]
[WhiteTeam "Adamov"]
[BlackTeam "Hustopece"]
[WhiteTeamCountry "CZE"]
[BlackTeamCountry "CZE"]

1. c4 g6 2. Nc3 Bg7 3. Nf3 c5 4. g3 b6 5. Bg2 Bb7 6. 0-0 Nf6 7. d4 cxd4 8. Nxd4 Bxg2 9. Kxg2 Qc8 10. Qd3 Nc6 11. b3 Nxd4 12. Qxd4 Qc6+ 13. f3 0-0 14. Bb2 Rfe8 15. Rfd1 Qc5 16. e3 Qxd4 17. exd4 d5 18. c5 Rec8 19. b4 Rab8 20. a3 e6 21. Rab1 Nd7 22. Na4 b5 23. Nc3 Rb7 24. Bc1 Nb8 25. Bf4 Nc6 26. Ne2 a5 27. bxa5 Ra8 28. Bd2 Nxd4 29. Nxd4 Bxd4 30. c6 Rc7 31. Bf4 e5 32. Rxd4 exf4 33. Rxb5 Rxc6 34. Rxf4 Rc2+ 35. Kh3 Rc3 36. Ra4 Rc4 37. Rxc4 dxc4 38. Rc5 Kg7 39. Rxc4 Rxa5 40. a4 h5 41. f4 Kf6 42. Rb4 Ke6 43. Kg2 f6 44. Kf3 Rc5 45. Ke4 Rc2 46. a5 Rxh2 47. Ra4 Re2+ 48. Kd4 Rc2 49. a6 Rc8 50. a7 Ra8 51. Ke4 g5 52. Ra6+ Kf7 53. fxg5 fxg5 54. Kd5 h4 55. gxh4 gxh4 56. Kc6 h3 57. Kb7 1-0